| 000 | 00935nam a2200205 a 4500 | ||
|---|---|---|---|
| 001 | 000042014 | ||
| 005 | 20201002035903.0 | ||
| 008 | 131030s1999 sp 000 0 spa d | ||
| 020 | _a8400078209 | ||
| 040 |
_aDO-SdBNP _bspa _cBNPHU |
||
| 100 | 1 |
_aNavarro Yáñez, Clemente J. _968962 |
|
| 245 | 1 | 3 |
_aEl Sesgo Participativo : _binnovación democrática en municipios del sur de Europa (1960-1995) / _cClemente J. Navarro Yáñez. |
| 260 |
_aCórdoba : _bInstituto de Estudios Sociales Avanzados de Andalucía _bConsejo Superior de Investigaciones Científicas, _c1999. |
||
| 300 |
_a321 p. ; _c24 cm. |
||
| 490 | 1 |
_aPoliteya. Estudios de Economía y Sociedad _v13 |
|
| 504 | _aBibliografía : p. 289-321 | ||
| 504 | _aIncluye referencias bibliográficas y notas al pie de las páginas | ||
| 710 | 2 |
_aConsejo Superior de Investigaciones Científicas (España) _915178 |
|
| 830 | 0 |
_aPoliteya. Estudios de Economía y Sociedad ; _v13 _968646 |
|
| 999 |
_c41503 _d41503 |
||